00435nam a2200157Ia 4500003000400000008004100004040001600045082001600061100001900077245004500096260005500141300001000196650002500206650001900231650002700250GCL140319s9999 xx 000 0 eng d aGCL / cGCL04a150.19bR E1 aROBINSON, PAUL10aFREUD AND HIS CRITICS / cROBINSON, PAUL a[S.N] : bUNIVERSITY OF CALIFORNIA PRESS ، c1993 a281 P04aPHILOSOPHY - HISTORY04aPSYCHOANALYSIS04aFREUD, S.(1856 - 1939)